000 00572cam a22002053a 4500
001 44374
003 PGUSA
005 20140828084020.0
008 121206s2012||||xxu|||||s|||||000 | eng d
040 _aPGUSA
_beng
042 _adc
100 1 _aCuthell, E. E.
245 1 4 _aThe Robber Baron of Bedford Castle
_h[electronic resource] /
_cE. E. Cuthell
260 _bProject Gutenberg,
_c2012
506 _aPublic domain in the USA.
516 _aElectronic text
830 0 _aProject Gutenberg
_v44374
856 4 0 _uhttp://www.gutenberg.org/ebooks/44374
942 _cEB
999 _c273625
_d273625